Kelebihan bulan dan hari : (Record no. 1187)

000 -LEADER
fixed length control field nam a22 a 4500
003 - CONTROL NUMBER IDENTIFIER
control field AKMAL
005 - DATE AND TIME OF LATEST TRANSACTION
control field 20170508150643.0
008 - FIXED-LENGTH DATA ELEMENTS--GENERAL INFORMATION
fixed length control field 170508t1999 my e 000 0 may d
020 ## - INTERNATIONAL STANDARD BOOK NUMBER
International Standard Book Number 9839017500 (kkt.) :
Terms of availability RM12.00
039 #9 - LEVEL OF BIBLIOGRAPHIC CONTROL AND CODING DETAIL [OBSOLETE]
Level of rules in bibliographic description 201106151157
Level of effort used to assign nonsubject heading access points manoriah
040 ## - CATALOGING SOURCE
Original cataloging agency AKMAL
Transcribing agency AKMAL
049 00 - LOCAL HOLDINGS (OCLC)
Holding library bgkklpmal
082 04 - DEWEY DECIMAL CLASSIFICATION NUMBER
Classification number 297.36 LAT
Edition number 22
090 00 - LOCALLY ASSIGNED LC-TYPE CALL NUMBER (OCLC); LOCAL CALL NUMBER (RLIN)
Classification number (OCLC) (R) ; Classification number, CALL (RLIN) (NR) 297.36
Local cutter number (OCLC) ; Book number/undivided call number, CALL (RLIN) LAT
090 20 - LOCALLY ASSIGNED LC-TYPE CALL NUMBER (OCLC); LOCAL CALL NUMBER (RLIN)
Classification number (OCLC) (R) ; Classification number, CALL (RLIN) (NR) 297.36
Local cutter number (OCLC) ; Book number/undivided call number, CALL (RLIN) LAT
245 00 - TITLE STATEMENT
Title Kelebihan bulan dan hari :
Remainder of title serta amalan wirid dan doa /
Statement of responsibility, etc. [susunan] Abul Khairy Al-Latifi
260 ## - PUBLICATION, DISTRIBUTION, ETC.
Place of publication, distribution, etc. Kuala Lumpur :
Name of publisher, distributor, etc. Darul Nu'man,
Date of publication, distribution, etc. 1999
300 ## - PHYSICAL DESCRIPTION
Extent ii, 300ms. ;
Dimensions 21cm.
500 ## - GENERAL NOTE
General note Mengandungi ayat-ayat dari Al-Quran
504 ## - BIBLIOGRAPHY, ETC. NOTE
Bibliography, etc. note Bibliografi: ms. 300
650 10 - SUBJECT ADDED ENTRY--TOPICAL TERM
Topical term or geographic name entry element Calendar, Islamic
9 (RLIN) 153
650 20 - SUBJECT ADDED ENTRY--TOPICAL TERM
Topical term or geographic name entry element Time
General subdivision Religious aspects
-- Islam
9 (RLIN) 2398
650 20 - SUBJECT ADDED ENTRY--TOPICAL TERM
Topical term or geographic name entry element Islam
General subdivision Customs and practices
9 (RLIN) 1330
700 0# - ADDED ENTRY--PERSONAL NAME
Personal name Abul Khairi Al-Latifi
9 (RLIN) 2108
942 ## - ADDED ENTRY ELEMENTS (KOHA)
Source of classification or shelving scheme
Koha item type Book
Holdings
Withdrawn status Lost status Source of classification or shelving scheme Damaged status Not for loan Collection code Home library Current library Date acquired Inventory number Total Checkouts Full call number Barcode Date last seen Price effective from Koha item type
          NON-FICTION AKMAL Melaka AKMAL Melaka 08.05.2017 200680   297.36 LAT 201702280 08.05.2017 08.05.2017 Book
Pusat Sumber Maklumat Dato' Haji Sarmin Md Hussin, Akademi Kastam Diraja Malaysia, Melaka
Tel: 06-2331106 | Faks: 06-2313787